000 00544nam a22001937a 4500
999 _c8150
_d8150
003 AR-CdUCM
008 190322b ||||| |||| 00| 0 spa d
040 _aMUNICIPALIDAD PROVINCIAL DEL CUSCO
_cBIBLIOTECA MUNICIPAL DEL CUSCO
082 _a869.56 /
_bM84
100 _aMontesinos, Adela
_923002
245 _aArcos hondos /
260 _aLima :
_bStylo,
_c1973.
300 _a85 páginas ;
_c21 cm.
500 _aDonación familia Nieto
650 _aPoesías peruanas
_91481
650 _aSiglo XX
_98
942 _2ddc
_cLIBROS
945 _azta